| 000 | 00416nam a2200133Ia 4500 | ||
|---|---|---|---|
| 008 | 210430s9999 xx 000 0 und d | ||
| 020 | _a978-0824792367 | ||
| 082 | _a665.5 A6271 C | ||
| 100 |
_aGeorge J.Antos, Abdullah M. Aitani, Jose M. Parera _9127017 |
||
| 245 |
_aCatalytic Naphtha Reforming Science and Technology / _cGeorge J.Antos |
||
| 260 |
_aNew York _bDekker _c1995 |
||
| 300 | _a516 p | ||
| 942 |
_cBK _2ddc |
||
| 999 |
_c565025 _d565025 |
||